[Event "United Insurance 10th"]
[Site "Dhaka"]
[Date "2008.08.04"]
[Round "8"]
[White "Hossain, Monir Khan"]
[Black "Mohammad, Ali"]
[Result "0-1"]
[WhiteElo "2193"]
[BlackElo "2175"]
[PlyCount "72"]
[EventDate "2008.07.30"]
[EventType "swiss"]
[EventRounds "10"]
[EventCountry "BAN"]
[SourceTitle "CBM 125 Extra"]
[Source "ChessBase"]
[SourceDate "2008.09.01"]
[SourceVersion "1"]
[SourceVersionDate "2008.09.01"]
[SourceQuality "1"]

1. d4 Nf6 2. Bg5 Ne4 3. h4 c6 4. Nd2 Nxd2 5. Qxd2 d5 6. e3 Qb6 7. c3 Bf5 8. Ne2 h6 9. Bf4 Nd7 10. h5 e6 11. Ng3 Bh7 12. Be2 Be7 13. 0-0 Bf6 14. Bd3 Bxd3 15. Qxd3 Bg5 16. a4 Bxf4 17. exf4 0-0 18. f5 e5 19. a5 Qc7 20. dxe5 Nxe5 21. Qd1 Nd7 22. Re1 Rfe8 23. Qd4 a6 24. b4 Nf6 25. f4 Rad8 26. Re5 Rxe5 27. Qxe5 Qd7 28. Qd4 Re8 29. Qd3 Qe7 30. Rf1 Ng4 31. f6 Qxf6 32. Nf5 Re4 33. Nd4 Rxf4 34. Re1 Re4 35. Rxe4 Qf2+ 36. Kh1 dxe4 0-1

[Event "United Insurance 10th"]
[Site "Dhaka"]
[Date "2008.07.31"]
[Round "2"]
[White "Hasan Md, Emam"]
[Black "Hossain, Monir Khan"]
[Result "1/2-1/2"]
[WhiteElo "2161"]
[BlackElo "2193"]
[PlyCount "71"]
[EventDate "2008.07.30"]
[EventType "swiss"]
[EventRounds "10"]
[EventCountry "BAN"]
[SourceTitle "CBM 125 Extra"]
[Source "ChessBase"]
[SourceDate "2008.09.01"]
[SourceVersion "1"]
[SourceVersionDate "2008.09.01"]
[SourceQuality "1"]

1. e4 c5 2. Nc3 Nc6 3. g3 g6 4. Bg2 Bg7 5. Nge2 d6 6. 0-0 e6 7. d3 Nge7 8. Be3 0-0 9. Qd2 Nd4 10. Nc1 Bd7 11. Nd1 Bb5 12. c3 Ndc6 13. Bh6 Bxh6 14. Qxh6 Ne5 15. c4 Bd7 16. Ne3 f5 17. f4 Nf7 18. Qh4 Nc6 19. Qxd8 Rfxd8 20. Ne2 Kg7 21. a3 Rdb8 22. Nc3 a6 23. a4 Nd4 24. Rfb1 a5 25. Kf2 Bc6 26. Ne2 fxe4 27. dxe4 Nb3 28. Ra3 Nd2 29. Rd1 Nxe4+ 30. Kg1 Rd8 31. Bxe4 Bxe4 32. Nc3 Bc6 33. Nb5 Rd7 34. Ng4 h5 35. Nf2 d5 36. Re3 1/2-1/2

[Event "United Insurance 10th"]
[Site "Dhaka"]
[Date "2008.07.30"]
[Round "1"]
[White "Hossain, Monir Khan"]
[Black "Rahman, Ziaur"]
[Result "0-1"]
[WhiteElo "2193"]
[BlackElo "2564"]
[PlyCount "64"]
[EventDate "2008.07.30"]
[EventType "swiss"]
[EventRounds "10"]
[EventCountry "BAN"]
[SourceTitle "CBM 125 Extra"]
[Source "ChessBase"]
[SourceDate "2008.09.01"]
[SourceVersion "1"]
[SourceVersionDate "2008.09.01"]
[SourceQuality "1"]

1. d4 d6 2. Nf3 Bg4 3. Bg5 Bxf3 4. exf3 g6 5. c3 c6 6. Qd2 Nd7 7. Na3 Ngf6 8. Be2 Bg7 9. 0-0 0-0 10. Bh6 Re8 11. Bxg7 Kxg7 12. Nc4 Qc7 13. Rfe1 a5 14. f4 e6 15. Bf3 b5 16. Ne3 d5 17. Ng4 Nxg4 18. Bxg4 Rab8 19. g3 Nf6 20. Bd1 c5 21. dxc5 Qxc5 22. Bb3 b4 23. Rac1 bxc3 24. bxc3 Red8 25. Kg2 Ne4 26. Qd4+ Qxd4 27. cxd4 Rb4 28. Red1 a4 29. Bc2 Nc3 30. Rd3 Ne2 31. Rcd1 Rc8 32. R1d2 Nc1 0-1